Guess the 1970s song lyrics #291 - Statistics

General Stats
  • This quiz has been taken 17 times
  • The average score is 102 of 158
Answer Stats
Answer % Correct
be
93%
her
93%
I
93%
me
93%
on
93%
that
93%
the
93%
To
93%
what
93%
you
93%
You
93%
a
86%
can
86%
do
86%
know
86%
of
86%
She
86%
she
86%
your
86%
This
79%
was
79%
would
79%
down
71%
If
71%
mean
71%
Mississippi
71%
Queen
71%
everything
64%
I'd
64%
mine
64%
their
64%
them
64%
were
64%
around
57%
Around
57%
making
57%
man
57%
Way
57%
lady
50%
They
50%
While
50%
Boy
43%
keep
43%
looking
43%
taught
43%
told
43%
asked
36%
Cajun
36%
dudes
36%
getting
36%
rest
36%
beg
29%
dancer
29%
kicks
29%
Lived
29%
Louisiana
29%
pardon
29%
pretty
29%
Vicksburg
29%
better
21%
Buy
21%
called
21%
dresses
21%
moved
21%
shine
21%
wine
21%
bread
14%
Hey
14%
losing
14%
No matching quizzes found
Score Distribution
Percent of People with Each Score
Percentile by Number Answered
Your Score History
You have not taken this quiz